[Event "World Blitz 2023"]
[Site "Samarkand UZB"]
[Date "2023.12.29"]
[EventDate "2023.12.29"]
[Round "9.1"]
[Result "0-1"]
[White "Teimour Radjabov"]
[Black "Vladislav Kovalev"]
[WhiteElo "2664"]
[BlackElo "2539"]
[PlyCount "170"]

1. e4 e5 2. Nf3 Nc6 3. Bc4 Bc5 4. d3 Nf6 5. Nc3 h6 6. a3 a6 7. Be3 Bxe3 8.
fxe3 d6 9. Qe2 Be6 10. Bxe6 fxe6 11. O-O-O Qe7 12. d4 O-O-O 13. Rhf1 Rhf8
14. d5 Nb8 15. Nd2 Nbd7 16. Nb3 Nh7 17. Na5 Rxf1 18. Rxf1 Rf8 19. Rd1 Nb6
20. Kb1 Nf6 21. h3 Nfd7 22. b4 Qf6 23. Qg4 exd5 24. exd5 g6 25. Rd2 Qf5 26.
Qh4 h5 27. Kb2 Qf6 28. Qe4 Qf5 29. g4 Qg5 30. Rg2 h4 31. Qd3 Qf6 32. Ne4
Qf1 33. Qxf1 Rxf1 34. c4 Rf3 35. Ng5 Rf1 36. e4 Nf6 37. Re2 Kd7 38. Kc2 Kc8
39. c5 Nbd7 40. Ne6 Rf3 41. cxd6 cxd6 42. Nc4 Ne8 43. Ng5 Rf1 44. Re3 b5
45. Na5 Nb6 46. Rf3 Rxf3 47. Nxf3 Nf6 48. Nxh4 g5 49. Nf3 Nxe4 50. Kd3 Nf2+
51. Ke3 Nxh3 52. Ke4 Nf2+ 53. Kf5 e4 54. Nxg5 e3 55. Nf3 Nxd5 56. g5 e2 57.
g6 Ne7+ 58. Kf6 Nxg6 59. Kxg6 Nd3 60. Kf5 Kd7 61. Ke4 e1=Q+ 62. Nxe1 Nxe1
63. Nb7 Kc7 64. Na5 Nc2 65. Kd3 Nxa3 66. Nb3 Nc4 67. Nd4 Nb6 68. Ke4 Kd7
69. Nc2 Nc8 70. Kd4 Ne7 71. Ke4 Nc6 72. Kd5 Ne7+ 73. Ke4 Kc7 74. Kd4 Nc6+
75. Ke4 Kd8 76. Kd3 Kd7 77. Kc3 d5 78. Ne1 Kd6 79. Nd3 d4+ 80. Kb3 Kd5 81.
Nf4+ Ke4 82. Ne6 d3 83. Kc3 Ke3 84. Nc7 d2 85. Nd5+ Ke4 0-1

[Event "World Blitz 2023"]
[Site "Samarkand UZB"]
[Date "2023.12.29"]
[EventDate "2023.12.29"]
[Round "9.2"]
[Result "1/2-1/2"]
[White "Evgeny Tomashevsky"]
[Black "Nikita Petrov"]
[WhiteElo "2663"]
[BlackElo "2521"]
[PlyCount "54"]

1. e4 e5 2. Nf3 Nc6 3. Bb5 a6 4. Ba4 Bc5 5. c3 Nge7 6. d4 exd4 7. cxd4 Bb4+
8. Bd2 Bxd2+ 9. Qxd2 d5 10. exd5 Qxd5 11. Nc3 Qe6+ 12. Qe3 O-O 13. O-O Qd6
14. Bxc6 Nxc6 15. d5 Ne7 16. Rad1 Nf5 17. Qd3 Qb6 18. b3 Nd6 19. Nd4 Bd7
20. h3 Rfe8 21. Rfe1 h6 22. Rc1 Rxe1+ 23. Rxe1 Re8 24. Rxe8+ Bxe8 25. Ne4
Bd7 26. Nxd6 Qxd6 27. Qe4 1/2-1/2

[Event "World Blitz 2023"]
[Site "Samarkand UZB"]
[Date "2023.12.29"]
[EventDate "2023.12.29"]
[Round "9.4"]
[Result "0-1"]
[White "Liam Vrolijk"]
[Black "Laurent Fressinet"]
[WhiteElo "2487"]
[BlackElo "2636"]
[PlyCount "60"]

1. Nf3 d5 2. e3 Nf6 3. c4 e6 4. Nc3 Bd6 5. b3 dxc4 6. bxc4 e5 7. Qc2 Nc6 8.
Bb2 O-O 9. a3 Re8 10. Ng5 h6 11. h4 Nd4 12. Qb1 Bf5 13. Bd3 Bxd3 14. Qxd3
Nb3 15. Rb1 Nc5 16. Qc2 e4 17. Nh3 Nd3+ 18. Kf1 Be5 19. f4 exf3 20. gxf3
Qd7 21. Ba1 Qf5 22. Ke2 Rad8 23. Nf2 Nh5 24. Nce4 Nxf2 25. Kxf2 Bxa1 26.
Rxa1 Rxe4 27. Qxe4 Rxd2+ 28. Ke1 Qd7 29. Rg1 Nf6 30. Qf4 Qd3 0-1

[Event "World Blitz 2023"]
[Site "Samarkand UZB"]
[Date "2023.12.29"]
[EventDate "2023.12.29"]
[Round "9.5"]
[Result "1-0"]
[White "Jakub Kosakowski"]
[Black "Hans Moke Niemann"]
[WhiteElo "2485"]
[BlackElo "2614"]
[PlyCount "102"]

1. e4 c5 2. Nf3 Nc6 3. d4 cxd4 4. Nxd4 e6 5. Nc3 Qc7 6. Be3 a6 7. Qf3 Bd6
8. O-O-O Be5 9. g3 Nge7 10. Qe2 b5 11. f4 Nxd4 12. Bxd4 Bxd4 13. Rxd4 Bb7
14. Bg2 O-O 15. Qd2 Bc6 16. Rd1 Qb7 17. Nd5 Ng6 18. Nb4 e5 19. Rd6 exf4 20.
Nxc6 dxc6 21. gxf4 Qe7 22. e5 Qh4 23. Bxc6 Rac8 24. Bd7 Rc4 25. e6 Rxf4 26.
exf7+ Kh8 27. Be6 Rf2 28. Qc3 Nf4 29. Kb1 Nxe6 30. Rxe6 Qxh2 31. Rxa6 R2xf7
32. Rc6 Rf1 33. Qd3 Qh1 34. Rd6 Rxd1+ 35. Qxd1 Qxd1+ 36. Rxd1 g5 37. a4
bxa4 38. Ka2 g4 39. c4 h5 40. Rd5 Kg7 41. Rxh5 Kg6 42. Rh1 Rf3 43. c5 Rf5
44. Rc1 Rf7 45. c6 Rc7 46. Ka3 g3 47. Kxa4 g2 48. Kb5 Kf5 49. Kb6 Rg7 50.
c7 Rg8 51. Kb7 1-0

[Event "World Blitz 2023"]
[Site "Samarkand UZB"]
[Date "2023.12.29"]
[EventDate "2023.12.29"]
[Round "9.6"]
[Result "1-0"]
[White "Javokhir Sindarov"]
[Black "M Pranesh"]
[WhiteElo "2607"]
[BlackElo "2481"]
[PlyCount "100"]

1. e4 e5 2. Nf3 Nc6 3. Bc4 Nf6 4. d3 Bc5 5. Nc3 h6 6. O-O d6 7. Na4 Bb4 8.
a3 Ba5 9. b4 Bb6 10. c3 O-O 11. h3 Be6 12. Bxe6 fxe6 13. g3 Qe7 14. Kg2 Rf7
15. Ra2 a6 16. Nxb6 cxb6 17. a4 Nd7 18. Qe2 d5 19. Nh2 d4 20. b5 Na5 21.
Ba3 Nc5 22. c4 Qc7 23. Bxc5 bxc5 24. Qh5 b6 25. Ng4 Nb7 26. bxa6 Rxa6 27.
Rb1 Nd8 28. Nxe5 Rf8 29. Rab2 Nc6 30. Nxc6 Qxc6 31. Rb5 Qc7 32. R1b2 Rb8
33. Qg6 Qd6 34. Ra2 Rba8 35. Rb1 Kf8 36. Rab2 Rb8 37. f4 Rxa4 38. f5 Ra3
39. fxe6 Kg8 40. Qf7+ Kh7 41. Qf5+ Kh8 42. e5 Qc6+ 43. Kh2 Re8 44. e7 Qb7
45. Qf8+ Kh7 46. Qxe8 Rxd3 47. Qf8 Rxg3 48. Qf5+ Rg6 49. e8=Q Qg2+ 50. Rxg2
1-0

[Event "World Blitz 2023"]
[Site "Samarkand UZB"]
[Date "2023.12.29"]
[EventDate "2023.12.29"]
[Round "9.7"]
[Result "0-1"]
[White "Levon Aronian"]
[Black "Rinat Jumabayev"]
[WhiteElo "2772"]
[BlackElo "2561"]
[PlyCount "90"]

1. e4 e6 2. d4 d5 3. Nc3 Nf6 4. Bg5 dxe4 5. Nxe4 Be7 6. Nxf6+ Bxf6 7. Bxf6
Qxf6 8. Nf3 c5 9. Bb5+ Bd7 10. Bxd7+ Nxd7 11. Qe2 O-O 12. O-O-O cxd4 13.
Rxd4 Nb6 14. Rhd1 Rad8 15. Qe5 Rxd4 16. Rxd4 Qe7 17. Qg5 Qxg5+ 18. Nxg5 Rc8
19. b3 e5 20. Rd3 f6 21. Ne4 Kf8 22. Nd6 Rb8 23. Nb5 a6 24. Rd6 Nc8 25.
Rd8+ Ke7 26. Rg8 axb5 27. Rxg7+ Ke6 28. Rxh7 Nd6 29. Rh4 Rg8 30. g3 f5 31.
a4 bxa4 32. Rxa4 Rh8 33. Kd2 Rxh2 34. Ke3 Rh1 35. c4 Rc1 36. Kd3 Ne4 37.
Ra7 Nxf2+ 38. Kd2 Rg1 39. Rxb7 Ne4+ 40. Ke2 Rxg3 41. Rb6+ Kf7 42. b4 f4 43.
Ra6 Re3+ 44. Kf1 f3 45. c5 Re2 0-1

[Event "World Blitz 2023"]
[Site "Samarkand UZB"]
[Date "2023.12.29"]
[EventDate "2023.12.29"]
[Round "9.8"]
[Result "1/2-1/2"]
[White "Gadir Guseinov"]
[Black "Alexander Grischuk"]
[WhiteElo "2563"]
[BlackElo "2699"]
[PlyCount "72"]

1. e4 c5 2. Nc3 Nc6 3. Nf3 e5 4. Bc4 Be7 5. O-O d6 6. d3 Nf6 7. Ng5 O-O 8.
f4 Bg4 9. Qe1 exf4 10. Bxf4 Nd4 11. Qf2 h6 12. Nf3 Nxf3+ 13. gxf3 Be6 14.
Qg2 Kh7 15. Rae1 Qd7 16. Bxe6 fxe6 17. Qh3 Rad8 18. Kh1 e5 19. Qxd7 Rxd7
20. Be3 Bd8 21. f4 exf4 22. Bxf4 Ba5 23. Bd2 Rdf7 24. Nb1 Bxd2 25. Nxd2 Ng4
26. Rxf7 Rxf7 27. Rf1 Rxf1+ 28. Nxf1 Kg6 29. Kg2 Kf6 30. Kg3 Ne5 31. Ne3 g6
32. h4 Nc6 33. Ng4+ Kg7 34. Ne3 Kf6 35. Ng4+ Kg7 36. Ne3 1/2-1/2

[Event "World Blitz 2023"]
[Site "Samarkand UZB"]
[Date "2023.12.29"]
[EventDate "2023.12.29"]
[Round "9.9"]
[Result "0-1"]
[White "Maksim Chigaev"]
[Black "Maxim Matlakov"]
[WhiteElo "2561"]
[BlackElo "2638"]
[PlyCount "72"]

1. e4 e5 2. Nf3 Nc6 3. g3 Nf6 4. d3 d5 5. exd5 Nxd5 6. Bg2 Bd6 7. O-O O-O
8. a3 a5 9. c4 Nf6 10. Nc3 h6 11. h3 Re8 12. Be3 Bf5 13. g4 Bg6 14. Nh4 Bh7
15. Nf5 Bf8 16. Nd5 Nxd5 17. Bxd5 Ne7 18. Nxe7+ Qxe7 19. Bxb7 Rab8 20. Be4
Bxe4 21. dxe4 Rxb2 22. Qd5 a4 23. Rfd1 Qh4 24. Kg2 h5 25. g5 Re6 26. Rab1
Rxb1 27. Rxb1 Be7 28. Rb8+ Kh7 29. Qd7 Qxe4+ 30. Kh2 Kg6 31. Qd1 Rd6 32.
Qg1 Rd3 33. Re8 Bxa3 34. Qg3 Bb2 35. Qg1 Bd4 36. Bc1 Rf3 0-1

[Event "World Blitz 2023"]
[Site "Samarkand UZB"]
[Date "2023.12.29"]
[EventDate "2023.12.29"]
[Round "9.10"]
[Result "0-1"]
[White "Manuel Petrosyan"]
[Black "Shant Sargsyan"]
[WhiteElo "2556"]
[BlackElo "2633"]
[PlyCount "114"]

1. Nf3 d5 2. e3 Nf6 3. c4 e6 4. Nc3 Bd6 5. b3 O-O 6. Bb2 Re8 7. Rc1 a6 8.
cxd5 exd5 9. Ne2 c5 10. g3 Bf5 11. Bg2 Bd3 12. Nf4 Bxf4 13. gxf4 Nc6 14.
Rxc5 Ne4 15. Rxc6 bxc6 16. Ne5 Rxe5 17. Bxe5 Qh4 18. Qf3 f6 19. Bb2 Re8 20.
Bf1 Nxd2 21. Kxd2 Be4 22. Qg3 Qxg3 23. hxg3 Bxh1 24. Bd4 a5 25. Ba6 Rb8 26.
Kc3 Kf7 27. Bc5 Ke6 28. Be2 Be4 29. Bg4+ Bf5 30. Be2 Kd7 31. a4 g6 32. Bd4
Ke6 33. Kb2 h5 34. Bc3 Ra8 35. Ka3 c5 36. Kb2 Bg4 37. Bd3 g5 38. fxg5 fxg5
39. f4 Bf5 40. Bxf5+ Kxf5 41. fxg5 Kxg5 42. Be5 Kf5 43. Bd6 Rc8 44. Kc3 Ke4
45. Kd2 d4 46. exd4 cxd4 47. Bf4 d3 48. Bd6 Rc2+ 49. Kd1 Rb2 50. Bc7 Rxb3
51. Bxa5 Ra3 52. Bd8 Rxa4 53. Kd2 Ra2+ 54. Kd1 Rg2 55. Bc7 Kf3 56. Ke1 Rxg3
57. Kd2 h4 0-1

[Event "World Blitz 2023"]
[Site "Samarkand UZB"]
[Date "2023.12.29"]
[EventDate "2023.12.29"]
[Round "9.11"]
[Result "1-0"]
[White "Mahammad Muradli"]
[Black "Anton Guijarro, David"]
[WhiteElo "2551"]
[BlackElo "2616"]
[PlyCount "78"]

1. d4 d5 2. c4 e6 3. Nf3 dxc4 4. e3 Nf6 5. Bxc4 c5 6. O-O Nc6 7. Nc3 a6 8.
a3 b5 9. Ba2 Bb7 10. Qe2 Qc7 11. Rd1 Rd8 12. dxc5 Rxd1+ 13. Qxd1 Bxc5 14.
b4 Bd6 15. Bb2 O-O 16. Rc1 Qb8 17. Ne2 Rd8 18. Qc2 Ne5 19. Nxe5 Bxe5 20.
Bxe5 Qxe5 21. h3 g6 22. Nf4 g5 23. Ne2 Rc8 24. Qb1 Rxc1+ 25. Qxc1 Qe4 26.
f3 Qd3 27. Kf2 h6 28. Bb1 Qd6 29. Qc2 Bd5 30. Qc8+ Kg7 31. Qc3 Qe7 32. Ng3
Kg8 33. Qe5 Qd8 34. Qd4 Qe7 35. Ne2 Bc4 36. Nc3 Kf8 37. Ne4 Ng8 38. Nc5 Qa7
39. Nxe6+ 1-0

[Event "World Blitz 2023"]
[Site "Samarkand UZB"]
[Date "2023.12.29"]
[EventDate "2023.12.29"]
[Round "9.12"]
[Result "1/2-1/2"]
[White "Pavel Ponkratov"]
[Black "Ruslan Ponomariov"]
[WhiteElo "2547"]
[BlackElo "2613"]
[PlyCount "144"]

1. Nf3 d5 2. g3 g6 3. c4 dxc4 4. Na3 Bg7 5. Nxc4 Nc6 6. Bg2 e5 7. d3 Nge7
8. O-O O-O 9. Rb1 a5 10. b3 Re8 11. a3 Nf5 12. Bg5 Qd7 13. Re1 h6 14. Bd2
Ra6 15. Qc1 Kh7 16. b4 axb4 17. axb4 Ncd4 18. Nxd4 Nxd4 19. Bc3 Nb5 20. Bb2
Qe7 21. Qe3 c6 22. Qc5 Bf5 23. Ra1 Rxa1 24. Rxa1 Qxc5 25. bxc5 Re7 26. Ra8
Nd4 27. Kf1 Nb3 28. Nd6 Be6 29. Ba3 Rd7 30. Rb8 Nd4 31. Rxb7 Rxb7 32. Nxb7
Bf8 33. Na5 Bd7 34. e3 Nc2 35. Bb2 Bxc5 36. Nxc6 f6 37. Ke2 Kg7 38. Bc3 Na3
39. d4 exd4 40. exd4 Bf8 41. d5 Nb5 42. Bb2 Kf7 43. Kd3 f5 44. Ne5+ Ke8 45.
Nxg6 Bc5 46. Ke2 Nd4+ 47. Ke1 Bb5 48. Bc3 Kd7 49. Nf4 Kd6 50. h4 Nc2+ 51.
Kd2 Na3 52. Ke1 Nc2+ 53. Kd1 Na3 54. Be1 Nc4 55. Bf1 Nb2+ 56. Kc2 Bxf1 57.
Kxb2 Bc4 58. Kc2 Bxd5 59. Nxd5 Kxd5 60. Kd3 h5 61. Ke2 Ke4 62. f3+ Ke5 63.
Bd2 Bb6 64. Bf4+ Kd5 65. Kd3 Bf2 66. Kc3 Be1+ 67. Kd3 Bf2 68. Bb8 Be1 69.
Ke3 Ke6 70. Bc7 Bb4 71. Bb6 Bd6 72. Kf2 Be5 1/2-1/2

[Event "World Blitz 2023"]
[Site "Samarkand UZB"]
[Date "2023.12.29"]
[EventDate "2023.12.29"]
[Round "9.13"]
[Result "1/2-1/2"]
[White "Venkataraman Karthik"]
[Black "Tigran L Petrosian"]
[WhiteElo "2440"]
[BlackElo "2610"]
[PlyCount "126"]

1. e4 g6 2. d4 Bg7 3. Nc3 a6 4. Be3 b5 5. Qd2 Bb7 6. f3 d6 7. h4 h6 8. Nge2
Nd7 9. Ng3 e6 10. h5 g5 11. f4 gxf4 12. Bxf4 Ngf6 13. Bd3 Qe7 14. Nce2 Ng4
15. c3 c5 16. a4 b4 17. a5 Rc8 18. Rd1 Bf6 19. Bb1 bxc3 20. bxc3 cxd4 21.
cxd4 Bg5 22. O-O Rg8 23. Rc1 Qd8 24. Rxc8 Bxc8 25. Rc1 Ndf6 26. Bc2 Bd7 27.
Bd3 Bxf4 28. Qxf4 Qxa5 29. Rb1 Ke7 30. Rb7 Qg5 31. Qxg5 Rxg5 32. Bxa6 Nxh5
33. Nxh5 Rxh5 34. d5 Kd8 35. Rb8+ Kc7 36. Rf8 Ne5 37. Nf4 Rh4 38. g3 Rg4
39. Kf2 h5 40. dxe6 Bxe6 41. Be2 Rg5 42. Bxh5 Bc4 43. Bd1 Rg7 44. Ra8 Rh7
45. Ra7+ Kb6 46. Ra8 Rh2+ 47. Ke3 Rh1 48. Be2 Bxe2 49. Kxe2 Kb7 50. Rd8 Kc6
51. Rc8+ Kd7 52. Ra8 Rb1 53. Ra7+ Kd8 54. Nd5 Rb3 55. Ra8+ Kd7 56. Ra7+ Kc8
57. g4 Rg3 58. Nf6 Kb8 59. Re7 Rh3 60. Nd7+ Nxd7 61. Rxd7 Rg3 62. Rxd6 Rxg4
63. Kf3 1/2-1/2

[Event "World Blitz 2023"]
[Site "Samarkand UZB"]
[Date "2023.12.29"]
[EventDate "2023.12.29"]
[Round "9.14"]
[Result "1-0"]
[White "Aleksey Dreev"]
[Black "Elham Amar"]
[WhiteElo "2599"]
[BlackElo "2470"]
[PlyCount "120"]

1. d4 Nf6 2. Nf3 d5 3. c4 e6 4. Bg5 dxc4 5. Qa4+ Nbd7 6. Qxc4 a6 7. Nbd2 b5
8. Qc6 Ra7 9. Rc1 Bd6 10. Ne4 Bb4+ 11. Bd2 Bxd2+ 12. Nexd2 O-O 13. e3 Qe7
14. Be2 e5 15. dxe5 Nxe5 16. Qc5 Qxc5 17. Rxc5 Nxf3+ 18. Bxf3 Nd7 19. Rc2
c5 20. b3 Bb7 21. Ke2 Bxf3+ 22. Nxf3 Rc7 23. Rd1 h6 24. Rd6 Ra8 25. Rcd2
Nf6 26. Ne5 Ne4 27. Rd8+ Rxd8 28. Rxd8+ Kh7 29. Rd7 Rxd7 30. Nxd7 c4 31.
bxc4 bxc4 32. a3 Nc3+ 33. Ke1 Nb1 34. a4 c3 35. Kd1 Na3 36. Nc5 a5 37. Nb3
Nc4 38. Kc2 Nb6 39. Nc5 Nd5 40. e4 Nf4 41. Nb3 Nxg2 42. Nxa5 Nf4 43. Nc6
Ne6 44. a5 Nc5 45. Kxc3 Kg6 46. Kc4 Nxe4 47. a6 Nd6+ 48. Kc5 Nc8 49. Ne7+
Nxe7 50. a7 Nf5 51. a8=Q Kf6 52. Qc6+ Ke5 53. Qc7+ Ke6 54. f4 Kf6 55. Qb6+
Ke7 56. Kd5 g6 57. Ke5 Ng7 58. Qf6+ Kf8 59. Qd8+ Ne8 60. f5 1-0

[Event "World Blitz 2023"]
[Site "Samarkand UZB"]
[Date "2023.12.29"]
[EventDate "2023.12.29"]
[Round "9.15"]
[Result "0-1"]
[White "Bobir Sattarov"]
[Black "Klementy Sychev"]
[WhiteElo "2351"]
[BlackElo "2583"]
[PlyCount "74"]

1. e4 e5 2. Nf3 Nc6 3. Bb5 a6 4. Ba4 Nge7 5. Bb3 d6 6. c3 Ng6 7. d4 Be7 8.
Be3 O-O 9. Nbd2 Kh8 10. h4 Bg4 11. h5 Nh4 12. h6 g6 13. Rh2 f5 14. exf5
gxf5 15. dxe5 dxe5 16. Nc4 Qe8 17. Rxh4 Bxh4 18. Qc2 Bxf3 19. gxf3 Rd8 20.
Ke2 b5 21. Nd2 Nd4+ 22. cxd4 exd4 23. Qxc7 Rd7 24. Qf4 dxe3 25. fxe3 Qg6
26. Qh2 Rfd8 27. Nf1 Bf6 28. Rd1 Rxd1 29. Bxd1 f4 30. Qxf4 Bxb2 31. Qg3
Qd3+ 32. Kf2 Qxd1 33. Qc7 Qd6 34. Qa5 Bf6 35. Ng3 Bh4 36. Qc3+ Qf6 37. Qc7
Rg8 0-1

[Event "World Blitz 2023"]
[Site "Samarkand UZB"]
[Date "2023.12.29"]
[EventDate "2023.12.29"]
[Round "9.16"]
[Result "1-0"]
[White "Nodirbek Yakubboev"]
[Black "Ter-Sahakyan, Samvel"]
[WhiteElo "2582"]
[BlackElo "2556"]
[PlyCount "88"]

1. d4 Nf6 2. Bg5 d5 3. e3 c5 4. c3 Qb6 5. Qb3 c4 6. Qc2 Ne4 7. Bf4 Bf5 8.
Qc1 Nc6 9. f3 Nf6 10. Nd2 e6 11. e4 Bg6 12. h4 h6 13. Nh3 Be7 14. Bg3 Bh7
15. Nf4 O-O 16. e5 Nd7 17. Bf2 Qc7 18. Ne2 f6 19. f4 fxe5 20. fxe5 b5 21.
Nf3 Be4 22. Rh3 b4 23. Nf4 bxc3 24. bxc3 Bf5 25. g4 Bxg4 26. Rg3 Ndxe5 27.
dxe5 Nxe5 28. Rxg4 Nxg4 29. Nxe6 Qd6 30. Nxf8 Rxf8 31. Bg2 Qe6+ 32. Kf1
Nxf2 33. Kxf2 Bxh4+ 34. Kg1 Bd8 35. Nd4 Qe5 36. Qe1 Qg5 37. Qe6+ Kh8 38.
Rf1 Bf6 39. Nf3 Qg3 40. Ne5 Kh7 41. Qf5+ Kg8 42. Qe6+ Kh7 43. Qf5+ Kg8 44.
Qe6+ Kh7 1-0

[Event "World Blitz 2023"]
[Site "Samarkand UZB"]
[Date "2023.12.29"]
[EventDate "2023.12.29"]
[Round "9.17"]
[Result "0-1"]
[White "Haowen Xue"]
[Black "Pouya Idani"]
[WhiteElo "2155"]
[BlackElo "2574"]
[PlyCount "110"]

1. d4 d5 2. Nf3 Nf6 3. g3 e6 4. Bg2 Be7 5. O-O O-O 6. c4 c6 7. Nc3 a5 8.
Ne5 Nfd7 9. Bf4 Nxe5 10. dxe5 Na6 11. Qd2 dxc4 12. Rad1 Qxd2 13. Rxd2 Nb4
14. Ne4 Nxa2 15. Ra1 Nb4 16. Nd6 Bxd6 17. exd6 Nd5 18. Rd4 b5 19. Bd2 e5
20. Bxd5 exd4 21. Bxc6 Ra6 22. Bxb5 Rxd6 23. Bxc4 Ba6 24. Bxa6 Rxa6 25. Ra4
Rb8 26. Rxd4 a4 27. Bb4 h6 28. Kg2 Re8 29. e3 Rc6 30. Ba3 Rc2 31. Kf1 Re6
32. Rxa4 Rf6 33. Rf4 Rxf4 34. exf4 f5 35. Kg2 Kf7 36. Kf3 Ke6 37. h3 h5 38.
Bf8 g6 39. b4 Kd5 40. Bc5 Rc3+ 41. Ke2 Kc4 42. f3 Rb3 43. Kf2 Kd3 44. g4 h4
45. Be7 Rb2+ 46. Ke1 Ke3 47. Kd1 Kxf3 48. gxf5 gxf5 49. Bxh4 Kxf4 50. Be7
Kg3 51. h4 f4 52. Bd6 Kg4 53. Kc1 f3 54. Kxb2 f2 55. Kc3 f1=Q 0-1

[Event "World Blitz 2023"]
[Site "Samarkand UZB"]
[Date "2023.12.29"]
[EventDate "2023.12.29"]
[Round "9.18"]
[Result "1-0"]
[White "M Amin Tabatabaei"]
[Black "Artem Uskov"]
[WhiteElo "2573"]
[BlackElo "2328"]
[PlyCount "62"]

1. e4 c5 2. Nf3 e6 3. d4 cxd4 4. Nxd4 Nc6 5. Nc3 Qc7 6. Be3 a6 7. Qd2 Nf6
8. O-O-O Bb4 9. f3 Ne7 10. Nde2 d5 11. a3 Ba5 12. Bg5 dxe4 13. Bxf6 gxf6
14. fxe4 Bd7 15. Qd4 e5 16. Qf2 Qc6 17. Nd5 Nxd5 18. exd5 Qd6 19. Ng3 Bb6
20. Qf3 f5 21. Nxf5 Qf6 22. Bd3 O-O-O 23. Rhf1 Kb8 24. Kb1 Bc7 25. Be4 Bc8
26. d6 Bb6 27. Qb3 Ka7 28. Ne7 Qh6 29. Nxc8+ Rxc8 30. Rxf7 Rb8 31. Qd5 1-0

[Event "World Blitz 2023"]
[Site "Samarkand UZB"]
[Date "2023.12.29"]
[EventDate "2023.12.29"]
[Round "9.19"]
[Result "0-1"]
[White "Daniel Dardha"]
[Black "Asrorjon Omonov"]
[WhiteElo "2568"]
[BlackElo "2069"]
[PlyCount "116"]

1. Nf3 Nf6 2. c4 e6 3. d4 b6 4. g3 Ba6 5. b3 b5 6. cxb5 Bxb5 7. Bg2 Bc6 8.
O-O h6 9. Bb2 a5 10. Nc3 Bb4 11. Qc2 O-O 12. Rfe1 Bxc3 13. Bxc3 Be4 14. Qd2
Nc6 15. Rac1 Nd5 16. Nh4 Bxg2 17. Nxg2 f5 18. Nf4 a4 19. Nxd5 exd5 20. b4
Na7 21. Qd3 c6 22. Bd2 Nb5 23. h4 a3 24. Rc5 Qe7 25. Bf4 Qe4 26. Qxe4 fxe4
27. e3 Kf7 28. h5 Ra4 29. Rb1 g5 30. hxg6+ Kxg6 31. Kg2 h5 32. Rcc1 Raa8
33. Rh1 Nc3 34. Rb3 Nb5 35. Rc1 Rg8 36. Rc5 Kf5 37. Kh3 Rg6 38. Rb1 Rh8 39.
Rbc1 Ra8 40. Rh1 Ra4 41. Rb1 Rg8 42. Rcc1 Raa8 43. Rh1 Rg4 44. Kg2 Rh8 45.
Rbc1 h4 46. Kf1 h3 47. Kg1 Rgg8 48. Kh2 Kg4 49. Rc2 Ra8 50. Rg1 Ra4 51. Rb1
Rha8 52. Rc5 R8a7 53. Rb3 Rb7 54. Rc1 Na7 55. Rcb1 Rb5 56. Bd6 Nc8 57. Bc7
Ra7 58. Bf4 0-1

[Event "World Blitz 2023"]
[Site "Samarkand UZB"]
[Date "2023.12.29"]
[EventDate "2023.12.29"]
[Round "9.20"]
[Result "0-1"]
[White "Almas Rakhmatullaev"]
[Black "Haik M Martirosyan"]
[WhiteElo "2218"]
[BlackElo "2770"]
[PlyCount "102"]

1. e4 c5 2. Nf3 Nc6 3. Bb5 e6 4. O-O Nge7 5. Re1 a6 6. Bf1 d5 7. exd5 Qxd5
8. Nc3 Qd8 9. d3 Nf5 10. g3 Be7 11. Bg2 O-O 12. Bf4 Ra7 13. Ne5 Nxe5 14.
Bxe5 b6 15. a4 Bb7 16. Ne4 Ba8 17. a5 b5 18. b3 Rd7 19. Qg4 f6 20. Bb2 Bd5
21. c4 bxc4 22. dxc4 Ba8 23. Ba3 Qc8 24. Bb2 Nd4 25. Bxd4 Rxd4 26. Qe2 f5
27. Nd2 Bxg2 28. Kxg2 Bf6 29. Rad1 e5 30. Nf1 e4 31. Ne3 Be5 32. Nd5 Re8
33. f3 Qb7 34. fxe4 fxe4 35. Qh5 Qf7 36. Qxf7+ Kxf7 37. Rxd4 Bxd4 38. Nc7
Re7 39. Nxa6 e3 40. Nb8 e2 41. Kf3 Re3+ 42. Kf4 g5+ 43. Kxg5 Bc3 44. Kf4
Bd2 45. Rxe2 Rxe2+ 46. Kf3 Re3+ 47. Kf2 Rxb3 48. Nc6 Ra3 49. Ke2 Bxa5 50.
Ne5+ Ke6 51. Nd3 Bb4 0-1

[Event "World Blitz 2023"]
[Site "Samarkand UZB"]
[Date "2023.12.29"]
[EventDate "2023.12.29"]
[Round "9.22"]
[Result "0-1"]
[White "Kazybek Nogerbek"]
[Black "Parham Maghsoodloo"]
[WhiteElo "2488"]
[BlackElo "2660"]
[PlyCount "60"]

1. d4 Nf6 2. c4 g6 3. Nc3 d5 4. cxd5 Nxd5 5. Bd2 Bg7 6. e4 Nb6 7. Be3 O-O
8. Be2 Nc6 9. Nf3 Bg4 10. d5 Bxf3 11. gxf3 Ne5 12. Qb3 c6 13. f4 Ned7 14.
dxc6 bxc6 15. O-O-O e6 16. h4 Rb8 17. Qa3 Qc7 18. h5 Rfd8 19. hxg6 hxg6 20.
Rdg1 Nf6 21. f5 Nxe4 22. fxg6 f5 23. Nxe4 Nd5 24. Nc3 Rxb2 25. Qxb2 Nxc3
26. Bc4 Qe5 27. Qb3 Nxa2+ 28. Kc2 Qe4+ 29. Bd3 Rxd3 30. Qxa2 Ra3+ 0-1

[Event "World Blitz 2023"]
[Site "Samarkand UZB"]
[Date "2023.12.29"]
[EventDate "2023.12.29"]
[Round "9.23"]
[Result "1-0"]
[White "Anton Smirnov"]
[Black "Murtas Kazhgaleyev"]
[WhiteElo "2647"]
[BlackElo "2488"]
[PlyCount "106"]

1. e4 e5 2. Nf3 Nc6 3. Bb5 a6 4. Bxc6 dxc6 5. O-O Bg4 6. h3 h5 7. d3 Qf6 8.
Be3 Bxf3 9. Qxf3 Qxf3 10. gxf3 Bd6 11. Nd2 Ne7 12. Rfb1 c5 13. Kf1 f6 14.
a4 a5 15. Nc4 Kf7 16. Ke2 Nc6 17. c3 Be7 18. f4 exf4 19. Bxf4 Rac8 20. Rd1
Rhd8 21. Ra3 Rd7 22. Rb3 b6 23. Ra3 Nd8 24. Bh2 Nb7 25. f3 Nd6 26. Ne3 Nb7
27. Raa1 Bd6 28. f4 Re8 29. Kf3 Bf8 30. Rd2 Nd6 31. Rad1 g6 32. Nd5 Nc8 33.
d4 cxd4 34. cxd4 Bg7 35. Nc3 Nd6 36. d5 Nb7 37. Bg1 g5 38. f5 Bf8 39. Nb5
Bc5 40. Re2 Bxg1 41. Rxg1 Nc5 42. Nd4 Re5 43. Ne6 Nxa4 44. Rc1 b5 45. Nxc7
b4 46. Rc6 Ree7 47. Ne6 Ra7 48. h4 g4+ 49. Kf4 Red7 50. Rec2 Ke7 51. Rc8
Rab7 52. Rh8 b3 53. Rh7+ 1-0

[Event "World Blitz 2023"]
[Site "Samarkand UZB"]
[Date "2023.12.29"]
[EventDate "2023.12.29"]
[Round "9.25"]
[Result "0-1"]
[White "Andrey Esipenko"]
[Black "Yuriy Kuzubov"]
[WhiteElo "2615"]
[BlackElo "2487"]
[PlyCount "40"]

1. e4 e6 2. d4 d5 3. e5 c5 4. c3 Nc6 5. Nf3 Bd7 6. Be2 Qb6 7. O-O Nh6 8.
Na3 cxd4 9. cxd4 Nf5 10. Nc2 Be7 11. Bd3 Rc8 12. Bd2 Na5 13. Ne3 Nxe3 14.
fxe3 Bb5 15. Qe2 Bxd3 16. Qxd3 Nc4 17. Bc1 O-O 18. Rf2 Rc7 19. e4 Qc6 20.
exd5 Qxd5 0-1

[Event "World Blitz 2023"]
[Site "Samarkand UZB"]
[Date "2023.12.29"]
[EventDate "2023.12.29"]
[Round "9.26"]
[Result "1-0"]
[White "Ilia Iljiushenok"]
[Black "Kacper Piorun"]
[WhiteElo "2479"]
[BlackElo "2589"]
[PlyCount "64"]

1. e4 e6 2. Nf3 d5 3. Nc3 d4 4. Ne2 c5 5. c3 Nc6 6. cxd4 cxd4 7. Qa4 d3 8.
Ned4 Bd7 9. Bxd3 Nf6 10. Nxc6 bxc6 11. O-O Bc5 12. e5 Nd5 13. Qg4 Qe7 14.
a3 a5 15. Bc2 f5 16. exf6 Nxf6 17. Qh4 e5 18. d4 Bxd4 19. Nxd4 exd4 20. Bg5
O-O-O 21. Qxd4 Be6 22. Qc3 Qc7 23. Bh4 Rde8 24. Bg3 Qb6 25. b4 Nd5 26. Qxg7
Rhg8 27. Qxh7 a4 28. Rfe1 Re7 29. Qh6 Bd7 30. Rxe7 Nxe7 31. Re1 Qd4 32. Qd6
1-0

[Event "World Blitz 2023"]
[Site "Samarkand UZB"]
[Date "2023.12.29"]
[EventDate "2023.12.29"]
[Round "9.27"]
[Result "1/2-1/2"]
[White "Aryan Tari"]
[Black "Gabriel Gaehwiler"]
[WhiteElo "2577"]
[BlackElo "2448"]
[PlyCount "160"]

1. e4 c5 2. Nf3 d6 3. Bb5+ Bd7 4. c4 Nc6 5. Nc3 g6 6. d4 cxd4 7. Nxd4 Bg7
8. Be3 Nf6 9. h3 O-O 10. O-O e6 11. Bxc6 Bxc6 12. Nxc6 bxc6 13. Qa4 Qc7 14.
Rfd1 Rfb8 15. Rd2 Ne8 16. Rad1 Rb7 17. Qa6 Rab8 18. Na4 Bxb2 19. Bf4 Be5
20. Bxe5 dxe5 21. Kh2 Nf6 22. Nc5 Rb2 23. Qa3 Rxd2 24. Rxd2 Qb6 25. Qe3 Kg7
26. Rd6 Qc7 27. Rxe6 Rd8 28. Qf3 Ng8 29. Qg3 Rd4 30. Rxe5 Rxc4 31. f4 Qd6
32. Nd3 Rc3 33. Qe1 Qxd3 34. Ra5 Rc2 35. Qa1+ Qc3 36. Qxc3+ Rxc3 37. Rxa7
Nf6 38. e5 Nd5 39. e6 Kf8 40. Rxf7+ Ke8 41. g4 Rf3 42. f5 gxf5 43. gxf5 Ne7
44. f6 Nd5 45. Rxh7 Rxf6 46. a4 Rxe6 47. a5 Re3 48. a6 Ra3 49. a7 Nb6 50.
Rb7 c5 51. Rxb6 Rxa7 52. Rc6 Kf7 53. Rxc5 Kg7 54. Kg3 Kh7 55. Rc4 Rg7+ 56.
Kh4 Rf7 57. Kg5 Kg7 58. Rh4 Ra7 59. Rf4 Ra5+ 60. Kg4 Kg6 61. Rc4 Rb5 62. h4
Ra5 63. h5+ Kh6 64. Rc6+ Kg7 65. Rd6 Rb5 66. Re6 Ra5 67. Rg6+ Kh7 68. Rf6
Kg7 69. Rf4 Rb5 70. Kh4 Ra5 71. Rg4+ Kh7 72. Rc4 Rb5 73. Rc6 Ra5 74. h6 Rb5
75. Ra6 Rc5 76. Kg4 Rb5 77. Rf6 Ra5 78. Rf5 Rxf5 79. Kxf5 Kxh6 80. Ke4
1/2-1/2